|
|
|
|
| LEADER |
00000nab a2200000 4500 |
| 001 |
vtls011914410 |
| 003 |
SK-MaSNL |
| 005 |
20260303100421.0 |
| 008 |
200130|2019 xo |||| ||an ||00 0|slo |
| 015 |
|
|
|a SNBRB2020/01
|
| 040 |
|
|
|a SPKCL
|b slo
|e rda
|
| 041 |
|
|
|a slo
|b slo
|
| 044 |
|
|
|a xo
|c SK
|
| 072 |
|
7 |
|a 316.4
|x Sociálne procesy
|2 konspekt
|
| 072 |
|
7 |
|a 159.92
|x Vývinová psychológia. Psychológia osobnosti
|2 konspekt
|
| 072 |
|
7 |
|a 37
|x Výchova a vzdelávanie
|2 konspekt
|
| 080 |
|
|
|a 316.46.058.2
|2 2011
|
| 080 |
|
|
|a 159.923.2
|2 2011
|
| 080 |
|
|
|a 373/378
|2 2011
|
| 100 |
1 |
|
|a Langermann, Silvia
|4 aut
|9 567537
|
| 245 |
1 |
0 |
|a Koučing a sebavedomie
|c Silvia Langermann
|
| 300 |
|
|
|b Grafy, tabuľky
|
| 336 |
|
|
|a text
|b txt
|2 rdacontent
|
| 337 |
|
|
|a bez média
|b n
|2 rdamedia
|
| 338 |
|
|
|a zväzok
|b nc
|2 rdacarrier
|
| 504 |
|
|
|a Obsahuje bibliografiu
|
| 546 |
|
|
|a Slovenské resumé
|
| 650 |
0 |
7 |
|a koučovanie
|2 SNKPH
|9 69701
|
| 650 |
0 |
7 |
|a sebavedomie
|2 SNKPH
|9 23453
|
| 650 |
0 |
7 |
|a školy
|2 SNKPH
|9 1276
|
| 773 |
0 |
|
|t Prevencia : informačný bulletin zameraný na prevenciu sociálno-patologických javov v rezorte školstva
|g Roč. XVIII, č. 4 (2019), s. 43-48
|x 1336-3689
|
| 787 |
0 |
8 |
|i Recenzia:
|
| 958 |
|
|
|a NB
|
| 999 |
|
|
|c 1833045
|d 1834975
|